Některé problémy plánovací techniky a methodiky

Saved in:
Bibliographic Details
Format: Book
Language:Czech
Published: Praha Státní úřad plánovací 1950
Tags: Add Tag
No Tags, Be the first to tag this record!

MARC

LEADER 00000nam a2200000 4500
001 0308598
005 20250515130336.4
041 0 |a cze 
044 |a CZ 
245 1 0 |a Některé problémy plánovací techniky a methodiky  |c Josef Goldmann 
264 1 |a Praha  |b Státní úřad plánovací  |c 1950